=LDR 00000nam 2200000 4500 =001 INLIS000000000002796 =005 20250207033650 =035 ##$$a 0010-0225000086 =007 ta =008 250207###########################0#ind## =082 ##$$a 050 =100 #$$a Badan Kependudukan dan Keluarga Berencana Nasional =245 1#$$a Sahabat Keluarga =260 ##$$a Jakarta :$b BKKBN =300 ##$$a 290 hlm : $b ilus